NUMERICAL METHODS (Record no. 25207)
[ view plain ]
| 000 -LEADER | |
|---|---|
| fixed length control field | 00344nam a22001457a 4500 |
| 003 - CONTROL NUMBER IDENTIFIER | |
| control field | SGT |
| 020 ## - INTERNATIONAL STANDARD BOOK NUMBER | |
| International Standard Book Number | 9789393159151 |
| 082 ## - DEWEY DECIMAL CLASSIFICATION NUMBER | |
| Classification number | 518 |
| Item number | JAI |
| 100 ## - MAIN ENTRY--PERSONAL NAME | |
| Personal name | JAIN , M K |
| 245 ## - TITLE STATEMENT | |
| Title | NUMERICAL METHODS |
| Remainder of title | FOR SCIENTIFIC & ENGINEERING COMPUTATION |
| 250 ## - EDITION STATEMENT | |
| Edition statement | 8 |
| 260 ## - PUBLICATION, DISTRIBUTION, ETC. (IMPRINT) | |
| Place of publication, distribution, etc | DELHI |
| Name of publisher, distributor, etc | NEW AGE PUBLICATION |
| Year of Publication | 2022 |
| 300 ## - PAGE DESCRIPTION | |
| No. of Pages | 782 |
| 942 ## - ADDED ENTRY ELEMENTS (KOHA) | |
| Source of classification or shelving scheme | Dewey Decimal Classification |
| Koha item type | Books |
| 942 ## - ADDED ENTRY ELEMENTS (KOHA) | |
| -- | 3 |
| Withdrawn status | Lost status | Source of classification or shelving scheme | Damaged status | Not for loan | Collection code | Home library | Current library | Shelving location | Date acquired | Vendor Name | Cost, normal purchase price | SGTU | Bill Number | Total Checkouts | Full call number | Accession No. (Barcode) | Date last seen | Bill Date | Koha item type | Date last borrowed |
|---|---|---|---|---|---|---|---|---|---|---|---|---|---|---|---|---|---|---|---|---|
| Dewey Decimal Classification | SCIENCE | SGT Science & Social Sciences Library | SGT Science & Social Sciences Library | Text Book | 17/10/2023 | AHUJA | 699.00 | SGTU | 17510 | 518 JAI | PS6960 | 17/10/2023 | 30/09/2023 | Books | ||||||
| Dewey Decimal Classification | SCIENCE | SGT Science & Social Sciences Library | SGT Science & Social Sciences Library | Text Book | 17/10/2023 | AHUJA | 699.00 | SGTU | 17510 | 518 JAI | PS6961 | 17/10/2023 | 30/09/2023 | Books | ||||||
| Dewey Decimal Classification | SCIENCE | SGT Science & Social Sciences Library | SGT Science & Social Sciences Library | Text Book | 17/10/2023 | AHUJA | 699.00 | SGTU | 17510 | 1 | 518 JAI | PS6962 | 01/12/2025 | 30/09/2023 | Books | 17/11/2025 | ||||
| Dewey Decimal Classification | SCIENCE | SGT Science & Social Sciences Library | SGT Science & Social Sciences Library | Text Book | 17/10/2023 | AHUJA | 699.00 | SGTU | 17510 | 2 | 518 JAI | PS6963 | 12/04/2024 | 30/09/2023 | Books | 12/04/2024 | ||||
| Dewey Decimal Classification | SCIENCE | SGT Science & Social Sciences Library | SGT Science & Social Sciences Library | Text Book | 17/10/2023 | AHUJA | 699.00 | SGTU | 17510 | 1 | 518 JAI | PS6964 | 29/02/2024 | 30/09/2023 | Books | 15/02/2024 |